Statistics for Random Nordic flags of the world

Click here to take the quiz!

General Stats

  • This quiz has been taken 50 times
  • The average score is 12 of 15

Answer Stats

Answer% Correct
Afghanistan
100%
Albania
100%
Algeria
100%
Angola
100%
Armenia
100%
Australia
100%
Austria
100%
Bahrain
100%
Bangladesh
100%
Belgium
100%
Bhutan
100%
Bosnia and Herzegovina
100%
Brazil
100%
Burkina Faso
100%
Cambodia
100%
Canada
100%
Cape Verde
100%
Central African Republic
100%
China
100%
Colombia
100%
Croatia
100%
Cyprus
100%
Czech Republic
100%
Denmark
100%
Djibouti
100%
Dominica
100%
East Timor
100%
Ecuador
100%
Eritrea
100%
eSwatini
100%
Ethiopia
100%
Finland
100%
Gabon
100%
Gambia
100%
Georgia
100%
Germany
100%
Ghana
100%
Greece
100%
Guatemala
100%
Guinea-Bissau
100%
Honduras
100%
Iceland
100%
India
100%
Iran
100%
Iraq
100%
Ireland
100%
Israel
100%
Italy
100%
Ivory Coast
100%
Jamaica
100%
Kazakhstan
100%
Kenya
100%
Kiribati
100%
Kosovo
100%
Laos
100%
Latvia
100%
Liberia
100%
Libya
100%
Lithuania
100%
Luxembourg
100%
Mali
100%
Malta
100%
Moldova
100%
Monaco
100%
Mongolia
100%
Mozambique
100%
Myanmar
100%
Namibia
100%
Netherlands
100%
New Zealand
100%
Nicaragua
100%
Niger
100%
North Macedonia
100%
Norway
100%
Oman
100%
Papua New Guinea
100%
Portugal
100%
Republic of the Congo
100%
Romania
100%
Russia
100%
Saint Lucia
100%
Saint Vincent and the Grenadines
100%
Saudi Arabia
100%
Slovakia
100%
Slovenia
100%
South Africa
100%
South Korea
100%
Spain
100%
Sri Lanka
100%
Switzerland
100%
Syria
100%
Tajikistan
100%
Togo
100%
Trinidad and Tobago
100%
Tunisia
100%
Turkey
100%
Turkmenistan
100%
Tuvalu
100%
Ukraine
100%
United Arab Emirates
100%
United Kingdom
100%
Uruguay
100%
Yemen
100%
Paraguay
83%
Bulgaria
80%
Marshall Islands
80%
Pakistan
80%
Palau
80%
Suriname
80%
Uganda
80%
Democratic Republic of the Congo
75%
F.S. Micronesia
75%
Grenada
75%
Kyrgyzstan
75%
Mauritania
75%
Mexico
75%
Samoa
75%
San Marino
75%
Vatican City
75%
Barbados
71%
Argentina
67%
Belize
67%
Chile
67%
france
67%
Japan
67%
Jordan
67%
Lebanon
67%
Montenegro
67%
Peru
67%
Philippines
67%
Senegal
67%
Serbia
67%
Tonga
67%
Vietnam
67%
Zimbabwe
67%
Malawi
60%
Vanuatu
60%
Rwanda
57%
Antigua and Barbuda
50%
Costa Rica
50%
Cuba
50%
Egypt
50%
Haiti
50%
Lesotho
50%
Liechtenstein
50%
Madagascar
50%
Maldives
50%
Mauritius
50%
Nigeria
50%
Panama
50%
Qatar
50%
Sierra Leone
50%
Singapore
50%
Tanzania
50%
Thailand
50%
Benin
40%
Belarus
33%
Comoros
33%
Dominican Republic
33%
Malaysia
33%
São tomé and Príncipe
33%
Guyana
25%
Andorra
0%
Azerbaijan
0%
Bahamas
0%
Bolivia
0%
Botswana
0%
Brunei
0%
Burundi
0%
Cameroon
0%
Chad
0%
El Salvador
0%
Equatorial Guinea
0%
Estonia
0%
Fiji
0%
Guinea
0%
Hungary
0%
Indonesia
0%
Kuwait
0%
Morocco
0%
Nauru
0%
Nepal
0%
North Korea
0%
Poland
0%
Saint Kitts and Nevis
0%
Seychelles
0%
Solomon Islands
0%
Somalia
0%
South Sudan
0%
Sudan
0%
Sweden
0%
Taiwan
0%
United States
0%
Uzbekistan
0%
Venezuela
0%
Zambia
0%

Score Distribution

Percentile by Number Answered

Percent of People with Each Score

Your Score History

You have not taken this quiz